Țările Africii - Statistics

General Stats
  • This quiz has been taken 73 times
  • The average score is 36 of 54
Answers on the Map
Answers color-coded by a green-red scale on the quiz's map according to % correct below.
 
Answer Stats
Țară % Correct
Maroc
100%
Algeria
95%
Egipt
95%
Republica Congo
95%
Tunisia
95%
Africa de Sud
89%
Etiopia
89%
Libia
89%
Madagascar
89%
Republica Democrată Congo
89%
Sudan
89%
Angola
84%
Niger
84%
Nigeria
84%
Somalia
84%
Sudanul de Sud
79%
Botswana
74%
Camerun
74%
Ciad
74%
Gambia
74%
Mozambic
74%
Tanzania
74%
Burundi
68%
Coasta de Fildeș
68%
Mali
68%
Zimbabwe
68%
Djibouti
63%
Eritreea
63%
Ghana
63%
Guineea
63%
Kenya
63%
Malawi
63%
Mauritania
63%
Togo
63%
Capul Verde
58%
Republica Centrafricană
58%
Uganda
58%
Zambia
58%
Guineea-Bissau
53%
Namibia
53%
Rwanda
53%
Senegal
53%
Seychelles
53%
Benin
47%
Burkina Faso
47%
Eswatini
47%
Lesotho
47%
Liberia
47%
Mauritius
47%
Gabon
42%
Sierra Leone
42%
São Tomé și Príncipe
37%
Guineea Ecuatorială
32%
Comore
26%
No matching quizzes found
Score Distribution
Percent of People with Each Score
Percentile by Number Answered
Your Score History
You have not taken this quiz